Etablissement de table de cubage de teck (Tectona Grandis L.f) au Sud-Bénin (Record no. 30562)

MARC details
000 -LEADER
fixed length control field 01192 a2200301 4500
041 ## - CODE DE LANGUE
Language code of summary or abstract/overprinted title or subtitle Fr
040 ## - SOURCE DU CATALOGAGE
Original cataloging agency Doc.
041 ## - CODE DE LANGUE
Language code of summary or abstract/overprinted title or subtitle Fr
041 ## - CODE DE LANGUE
Language code of summary or abstract/overprinted title or subtitle En
100 ## - VEDETTE PRINCIPALE - NOM DE PERSONNE
Personal name AYELO, Gauthier Hounmènou
130 ## - VEDETTE PRINCIPALE - TITRE UNIFORME
Language of a work Fr
245 ## - TITLE STATEMENT
Title Etablissement de table de cubage de teck (Tectona Grandis L.f) au Sud-Bénin
300 ## - PHYSICAL DESCRIPTION
Extent XI-94 p.
300 ## - PHYSICAL DESCRIPTION
Other physical details ill., graph., tabl., 29 cm
502 ## - DISSERTATION NOTE
Dissertation note Thèse
520 ## - SUMMARY, ETC.
Summary, etc La situation géographique de la République du Bénin, particulièrement sa présence dans le couloir sec dahoméen fait de lui un pays à faibles ressources forestières. De ce fait, les plantations constituent le dernier recours pour satisfaire entre autre, les besoins galopant en bois d'oeuvre et d'énergie du fait d'une population en forte croissance...
653 1# - INDEX TERM--UNCONTROLLED
Uncontrolled term Aménagement et Gestion de l'Environnement
650 ## - SUBJECT ADDED ENTRY--TOPICAL TERM
Topical term or geographic name as entry element ENQUETE FORESTIERE
650 ## - SUBJECT ADDED ENTRY--TOPICAL TERM
Topical term or geographic name as entry element TECK
650 ## - SUBJECT ADDED ENTRY--TOPICAL TERM
Topical term or geographic name as entry element TECTONA GRANDIS
651 ## - SUBJECT ADDED ENTRY--GEOGRAPHIC NAME
Geographic name SUD-BENIN
653 #1 - INDEX TERM--UNCONTROLLED
Uncontrolled term Eaux, Forêts et Chasse
651 ## - SUBJECT ADDED ENTRY--GEOGRAPHIC NAME
Geographic name BENIN
690 ## - LOCAL SUBJECT ADDED ENTRY--TOPICAL TERM (OCLC, RLIN)
Topical term or geographic name as entry element TABLE DE CUBAGE
690 ## - LOCAL SUBJECT ADDED ENTRY--TOPICAL TERM (OCLC, RLIN)
Topical term or geographic name as entry element BOIS DE CONSTRUCTION
710 ## - ADDED ENTRY--CORPORATE NAME
Corporate name or jurisdiction name as entry element <Abomey-Calavi>, <Université d'Abomey-Calavi>, <FAculté des Sciences Agronomiques>, <UAC>, <BJ>
Holdings
Withdrawn status Lost status Damaged status Not for loan Location (home branch) Sublocation or collection (holding branch) Date acquired Koha issues (times borrowed) Koha full call number Koha date last seen Copy number Price effective from Koha item type Public note
        Bibliothèque-Centre de Documentation de la Faculté des Sciences Agronomiques Bibliothèque-Centre de Documentation de la Faculté des Sciences Agronomiques 08/05/2005   A.8677.T.AGE.2001.015 28/02/2009 03 28/02/2009 Livre A.8635


© 2008, Bibliothèques de l'Université d'Abomey-Calavi

04 BP 789 Cotonou, Tél. : +229 21 36 01 01, Fax : +229 21 35 06 32

Courriel : bu@bu.uac.bj